Contrabando de billetes (Registro nro. 14842)

Detalles MARC
000 -LEADER
fixed length control field 00306 a2200109 4500
001 - CONTROL NUMBER
control field ART_18138
005 - DATE AND TIME OF LATEST TRANSACTION
control field 20260410161657.0
008 - FIXED-LENGTH DATA ELEMENTS--GENERAL INFORMATION
fixed length control field 260409a
100 1# - MAIN ENTRY--PERSONAL NAME
Personal name Robiglio, Carolina L.
245 10 - TITLE STATEMENT
Title Contrabando de billetes
773 0# - HOST ITEM ENTRY
Title Práctica profesional
Related parts - Nº 144 (jun. 2011)
Record control number REV542

No hay ítems disponibles.